000 00770nam a2200253Ia 4500
003 OSt
005 20220925232538.0
006 a|||||r|||| 00| 0
007 ta
008 220923b |||||||| |||| 00| 0 eng d
020 _a9788171546671
_c212.5
037 _b4390, 18/07/2011, RAJKIRAN BOOK AGENCY
_cGeneral Book
040 _aRTL
_cRTL
_beng
041 _2eng
_aeng
082 _aY38.2.N5, J4;P0/TD
100 _aDESAI A R
_925396
245 0 _aSocial background of Indian nationalism
250 _a6
260 _aMumbai
_bPopular Prakashan.
_c2000
300 _axxiv,437p
_ccm.
500 _aScanned
942 _hY38.2.N5, J4;P0/TD
_cGB
_2CC
999 _c591584
_d591584